Guess the Billie Eilish song (no hints) #8 - Statistics

General Stats
  • This quiz has been taken 1,035 times
  • The average score is 97 of 167
Answer Stats
Hint Lyrics % Correct
Lyrics I
100%
you
96%
a
94%
do
89%
do?
89%
to
85%
love
82%
don't
81%
be
80%
me
80%
want
76%
my
74%
and
73%
in
69%
What
69%
it
68%
But
66%
but
66%
I'm
63%
for
62%
For
62%
you're
62%
like
61%
have
58%
is
58%
was
58%
am
57%
with
54%
could
53%
are
51%
been
51%
more
50%
than
49%
Comet
48%
Halley's
48%
fall
47%
ever
46%
this
46%
dreams
45%
now
45%
all
44%
around
44%
comes
44%
feel
44%
I've
43%
made
42%
seem
42%
you've
42%
think
41%
alone
40%
haven't
40%
Haven't
40%
honest
40%
must
39%
or
39%
Or
39%
at
38%
better
38%
since
38%
slept
38%
admit
37%
drag
37%
few
37%
Midnight
37%
quite
37%
Sunday
37%
nights
36%
break
34%
good
34%
promise
34%
Silly
34%
sleepless
34%
takes
34%
fallen
33%
room
33%
week
33%
3am
32%
brother's
32%
might
32%
right
32%
two
32%
before
31%
loved
31%
nothing
31%
sitting
31%
moment
30%
feeling
29%
hopeless
27%
Ooh
21%
ooh
21%
No matching quizzes found
Score Distribution
Percent of People with Each Score
Percentile by Number Answered
Your Score History
You have not taken this quiz